Logo BPK

Biblioteka

Politechniki Koszalińskiej

CultureWatch / (Rekord nr 50181)

Szczegóły MARC
000 -ETYKIETA REKORDU
podpole kontrolne o stałej długości 00757nam a2200217 i 4500
001 - NUMER KONTROLNY REKORDU
pole kontrolne bgj
020 ## - MIĘDZYNARODOWY ZNORMALIZOWANY NUMER KSIĄŻKI - ISBN
ISBN 0131376217 (pbk)
040 ## - ŹRÓDŁO KATALOGOWANIA
Instytucja, która utworzyła rekord BPK
041 0# - KOD JĘZYKA
Kod języka tekstu eng
920 ## - Międzynarodowy znormalizowany numer książki – ISBN
ISBN 0-13-137621-7 (pbk)
008 - POLE O STAŁEJ DŁUGOŚCI - DANE KONTROLNE
podpole kontrolne o stałej długości s uk f |000 0 eng
100 1# - NAZWA OSOBOWA
Nazwa osobowa TOMALIN, Barry
245 #0 - TYTUŁ/ODPOWIEDZIALNOŚĆ
Tytuł CultureWatch /
Pozostałe elementy strefy tytułu i oznaczenia odpowiedzialności Barry Tomalin ; Susan Stempleski, series ed.
260 ## - STREFA ADRESU WYDAWNICZEGO
Miejsce wydania Englewood Cliffs :
Nazwa wydawcy/dystrybutora Prentice Hall Regents,
Data publikacji, dystrybucji/powstania dokumentu cop. 1995.
300 ## - STREFA OPISU FIZYCZNEGO
Objętość XII, 147 pp :
Inne cechy fizyczne photos ;
Rozmiary 24 cm.
490 1# - STREFA SERII I DOKUMENTU WIELOCZĘŚCIOWEGO - FORMA NIE DO WYSZUKIWANIA
Tytuł i oznaczenie odpowiedzialności serii ABC News Intermediate ESL Video Library / Series edited by Susan Stempleski
650 #9 - HASŁO PRZEDMIOTOWE W FORMIE NAZWY OGÓLNEJ LUB JEDNOSTKOWEJ
Nazwa ogólna lub geograficzna English language
Określnik ogólny Foreign speakers
700 1# - HASŁO DODATKOWE - NAZWA OSOBOWA
Nazwa osobowa STEMPLESKI, Susan.
Określenie związku między hasłem a opisywanym materiałem editor
830 #0 - HASŁO DODATKOWE SERII LUB DOKUMENTU WIELOCZĘŚCIOWEGO - TYTUŁ UJEDNOLICONY
Tytuł ujednolicony ABC News Intermediate ESL Video Library (Series edited by Susan Stempleski)
856 ## - LOKALIZACJA I DOSTĘP DO ELEKTRONICZNYCH DOKUMENTÓW ZDALNYCH
Link (URL) http://koha.tu.koszalin.pl/cgi-bin/koha/opac-detail.pl?biblionumber=50181
Tekst linku Katalog online BPK
942 ## - DODATKOWE ELEMENTY (KOHA)
Typ dokumentu Książka
Egzemplarze
Wycofany Status egzemplarza Uszkodzony Dostępność Lokalizacja stała Lokalizacja bieżąca Miejsce przechowywania Sygnatura Kod kreskowy Typ dokumentu
      Dostępny Biblioteka Politechniki Koszalińskiej Biblioteka Politechniki Koszalińskiej Wypożyczalnia Językowa BR 87 09000469 Książka
© 2023 Biblioteka Politechniki Koszalińskiej :: KOHA